Výkonnosť ekonomiky Slovenskej republky v globalizačnom procese diplomová práca

Salvato in:
Dettagli Bibliografici
Autore principale: Bod, Boris
Ente Autore: Národohospodárska fakulta EU. Katedra hospodárskej politiky
Altri autori: Blašková, Mária
Natura: Libro
Lingua:slovacco
Pubblicazione: Bratislava 2008
Tags: Aggiungi Tag
Nessun Tag, puoi essere il primo ad aggiungerne!!

MARC

LEADER 00000nam$a2200000$$$4500
001 0077603
005 20240201120741.4
041 0 |a slo 
044 |a SK 
245 1 0 |a Výkonnosť ekonomiky Slovenskej republky v globalizačnom procese  |b diplomová práca  |c Boris Bod ; škol. Mária Blašková 
264 1 |a Bratislava  |c 2008 
300 |a 75 s. 
100 1 |a Bod, Boris 
700 1 |a Blašková, Mária 
710 2 |a Národohospodárska fakulta EU. Katedra hospodárskej politiky